| 000 -LEADER |
| fixed length control field |
01190nam a2200253Ia 4500 |
| 001 - CONTROL NUMBER |
| control field |
19451 |
| 003 - CONTROL NUMBER IDENTIFIER |
| control field |
GE_BSU |
| 008 - FIXED-LENGTH DATA ELEMENTS--GENERAL INFORMATION |
| fixed length control field |
181216s||||||||xx |||||||||||||| ||und|| |
| 040 ## - CATALOGING SOURCE |
| Transcribing agency |
GE_BSU |
| 080 ## - UNIVERSAL DECIMAL CLASSIFICATION NUMBER |
| Universal Decimal Classification number |
811.161.1'367 + 82=03.353.1 |
| 100 ## - MAIN ENTRY--PERSONAL NAME |
| Personal name |
ვაჩნაძე, ნინო |
| 245 ## - TITLE STATEMENT |
| Title |
ზოგიერთი რუსული პრევერბიანი ზმნის ქართულად გადმოცემის საშუალებანი |
| 245 ## - TITLE STATEMENT |
| Remainder of title |
(რუსულ-ქართული ლექსიკონის მიხედვით) |
| 245 ## - TITLE STATEMENT |
| Statement of responsibility, etc. |
რედ:ა.კობახიძე |
| 250 ## - EDITION STATEMENT |
| Edition statement |
საქ. სსრ მეცნ. აკად., ენათმეცნ. ინ-ტი. |
| 260 ## - PUBLICATION, DISTRIBUTION, ETC. |
| Place of publication, distribution, etc. |
თბილისი |
| 260 ## - PUBLICATION, DISTRIBUTION, ETC. |
| Name of publisher, distributor, etc. |
მეცნიერება |
| 260 ## - PUBLICATION, DISTRIBUTION, ETC. |
| Date of publication, distribution, etc. |
1980 |
| 300 ## - PHYSICAL DESCRIPTION |
| Extent |
154გვ;21სმ. |
| 300 ## - PHYSICAL DESCRIPTION |
| Other physical details |
გამოყენებითი ლექსიკონების სია: გვ. 149-150. |
| 653 ## - INDEX TERM--UNCONTROLLED |
| Uncontrolled term |
ზმნა რუსულ ენაში; რუსული ზმნის ქართული თარგმანი; |
| 942 ## - ADDED ENTRY ELEMENTS (KOHA) |
| Koha item type |
წიგნი |